Descubrir la creatividad : desaprender para volver a aprender /

Guardat en:
Dades bibliogràfiques
Autor principal: Menchén Bellón, Francisco (autor)
Altres autors: Mayor Zaragoza, Federico (prólogo) (prólogo)
Format: Llibre
Idioma:espanyol
Publicat: Madrid, España : Pirámide, 2001, c2001
Col·lecció:(Ojos Solares. Desarrollo)
Matèries:
Etiquetes: Afegir etiqueta
Sense etiquetes, Sigues el primer a etiquetar aquest registre!

MARC

LEADER 00000nam^a2200000^a^4500
001 000158046
005 20250521000000.0
009 20260310100559.952
020 |a 84-368-1214-X 
037 |a Acervo ITESO - Biblioteca 
041 |a ESP 
082 |a 370. 118  |b MEN 
100 |a Menchén Bellón, Francisco  |e (autor) 
245 1 0 |a Descubrir la creatividad :  |b desaprender para volver a aprender /  |c F. Menchén Bellón ; pról. de F. Mayor Zaragoza. 
264 4 |a Madrid, España :  |b Pirámide,  |c 2001, c2001 
300 |a 206 p. 
336 |a texto  |b txt  |2 rdacontenido 
337 |a sin mediación  |b n  |2 rdamedio 
338 |a volumen  |b nc  |2 rdasoporte 
440 1 |a (Ojos Solares.  |p Desarrollo) 
649 |a XX 
650 |a Creatividad 
650 |a Habilidades de Pensamiento 
650 |a Psicología Cognitiva 
650 |a Apoyos Didácticos 
650 |a Didáctica 
650 |a Metodología Educativa 
650 |a Proceso Educativo 
650 |a Psicología Educativa 
650 |a Educación 
700 |a Mayor Zaragoza, Federico  |e (prólogo) 
910 |a Fondo General 
920 |a Impresos - Libros 
930 |a Colección General 
905 |a 101 
901 |a 0500087720  |b IT1  |c ACC  |u 20250521 
902 |a https://opac.biblio.iteso.mx/vufind/Record/000158046